000 00292nam a22001337a 4500
008 170605b xxu||||| |||| 00| 0 eng d
020 _a9781560253686
041 _aeng
080 _a94
100 _a17
101 _aSHH
245 _aTHIRTY TEARS TREASON
_cBENTLEY.E
942 _2udc
_cBK
999 _c15836
_d15836